000 00614cam a22002173a 4500
001 38795
003 PGUSA
005 20140828083844.0
008 120218s2012||||xxu|||||s|||||000 | eng d
040 _aPGUSA
_beng
042 _adc
100 1 _aStrang, Herbert
245 1 0 _aWith Drake on the Spanish Main
_h[electronic resource] /
_cHerbert Strang
260 _bProject Gutenberg,
_c2012
506 _aPublic domain in the USA.
516 _aElectronic text
700 1 _aWebb, Archibald,
_d1887-1944
830 0 _aProject Gutenberg
_v38795
856 4 0 _uhttp://www.gutenberg.org/ebooks/38795
942 _cEB
999 _c268049
_d268049